000 00320nam a22001457a 4500
008 210427b ||||| |||| 00| 0 eng d
020 _a9780697121448
041 _aeng
080 _a541
082 _a541
100 _a12
101 _aKIM
245 _aGeneral Chemistry
_cUno Kask, J. David Rawn
942 _2udc
_cBK
999 _c56852
_d56852